[Event "London Classic 9th"]
[Site "London"]
[Date "2017.12.06"]
[Round "5"]
[White "Caruana, Fabiano"]
[Black "Anand, Viswanathan"]
[Result "1-0"]
[WhiteElo "2799"]
[BlackElo "2782"]
[Annotator "Hillarp Persson,T"]
[PlyCount "77"]
[EventDate "2017.12.01"]
[EventType "tourn"]
[EventRounds "9"]
[EventCountry "ENG"]
[EventCategory "22"]
[SourceTitle "CBM 182"]
[Source "ChessBase"]
[SourceDate "2018.01.17"]
[SourceVersion "1"]
[SourceVersionDate "2018.01.17"]
[SourceQuality "1"]

1. e4 e5 2. Nf3 Nc6 3. Bb5 (3. Bc4 {has never been more popular, but the Ruy
Lopez still leads to more complex positions and is the more ambitious option.})
3... Nf6 {The Berlin Defence is known to be super solid since the time when
Kramnik used it to win a World Championship Match against Kasparov. I believe
it was Julian Hodgson who pointed out that the downside of playing 1.e4, is
that it is not defended.} 4. d3 $1 {My "!" might seem a bit puzzling, but it
is the only way to keep a reasonable amount of pieces left on the board while
not ending up with a swap of the e-pawns.} ({The old main line} 4. O-O Nxe4 5.
d4 (5. Re1 Nd6 6. Nxe5 Be7 7. Bf1 {is another, more popular, line. It seem to
me like squeezing water out of a stone. But, let us be clear, I can only get
away with such a statement because I'm strong enough to have some inkling of
what I am saying, while not being strong enough to actually understand what I
am saying. Really, much of what goes on in these games is beyond our
understanding; especially how hard it is to actually handle these things over
the board without an engine as help. The drawing tendencies in the Berlin are
impending and it takes a whole lot of energy, focus and knowledge to be able
to win against another strong player here. This is what the game is like today.
It is a struggle with the thinnest of margins.}) 5... Nd6 6. Bxc6 dxc6 7. dxe5
Nf5 {is not seen often between the top players. Only Vachier Lagrave seems
happy to play this in long games nowadays.}) 4... Bc5 {The bishop is not very
well placed here if White takes on c6, but against every other setup this is
its optimal post.} 5. Nc3 {This move is generally played in tandem with a
Bxc6-followed-by-long-castling-strategy.} ({Caruana usually plays} 5. c3 {
, when lately} O-O 6. O-O Re8 7. Bg5 {has done very well for White.} h6 8. Bh4
a6 9. Bc4 {leads to a position that can arise from the Giuoco Piano, minus the
rook on e8. Because of this detail, Black should avoid} Na5 {due to} (9... g5
10. Bg3 Ba7 11. Nbd2) 10. Bxf7+ Kxf7 11. b4 $14) (5. O-O Nd4 {gives Black an
easy game.}) (5. Bxc6 dxc6 6. Nbd2 {has been popular too, but in the last year
Black has done well with} Be6 $5 7. O-O Bd6 8. d4 Nd7 9. dxe5 Nxe5 10. Nxe5
Bxe5 11. f4 Bd4+ 12. Kh1 f5 {The engine likes the position for White after} 13.
Qe2 {, but it could be a superficial evaluation:} O-O 14. Rd1 Qe7 15. Nf3 Bc5
16. Re1 Rae8 17. exf5 $2 (17. e5 h6) 17... Bd5 $1 18. Ne5 Rxf5 $15 {Robson,R 
(2665)-Nakamura,H (2790) ch-USA 2017, and Black went on to win.}) 5... O-O 6.
Bxc6 dxc6 {Caruana has lost two rapid games against Grischuk from this
position, but he seems to have faith in it still.} 7. h3 (7. Ne2 Re8 8. h3 Nd7
9. g4 Bb4+ $5 10. Kf1 {I find it hard to believe that this move fits in with
White's setup.} (10. Bd2 Bxd2+ (10... Bf8 $1) 11. Qxd2 c5 12. O-O-O $13) 10...
Bf8 11. Ng3 Nc5 12. Be3 f6 13. Nf5 {White's plan looks menacing, but if Black
can defend (which should be quite possible) then the bishop pair could become
a factor in the latter part of the game.} Ne6 14. Rg1 Kh8 15. h4 g6 16. Nh6 Qe7
$17 {and White's attack came to a complete halt as g5 is met with Bxh6 and h5
with ...Bxh6 followed by ...g5; Caruana,F (2795)-Grischuk,A (2780) Champions
Showdown G30 rapid 2017.}) 7... Nd7 {Black starts rearranging his minor pieces.
The knight is headed for e6 and the Bc5 will be solid on d6 or tucked away on
f8. It will be difficult for White to open up the position without
simultanesly opening a Pandora's box of awesome bishop power.} ({Having seen
the course the game takes, I went back to this moment to ask myself if there
is no way for Black to get the bishop to f8 in one go. Indeed there is:} 7...
Re8 8. Be3 Bf8 {intending a fast Nf6-d7-c5-e6, will win a tempo for Black
compared to the game if White continues along the same lines. In a blitz game
Caruana made use of a different version of the same plan we will soon see:} 9.
a4 a5 10. O-O b6 (10... Nd7) 11. Nd2 Be6 {As I understand it, the bishop
should only go here when f6 has been played (so that it can retreat to f7).} (
11... Nd7) 12. Ne2 Nh5 13. g4 Nf6 14. Ng3 {The plan is back on track.} Nd7 15.
Kh2 g6 16. Rg1 Be7 {Black is drifting.} 17. Nf5 Bg5 18. Nf3 Bxe3 19. fxe3 Kh8
20. Qe1 c5 21. b3 gxf5 $2 22. gxf5 Bxf5 23. exf5 e4 24. Ng5 Ne5 25. Kh1 f6 26.
Ne6 {and White went on to win, in Caruana,F (2800)-Nakamura,H (2785) chess.com
Speed 3m+2spm 2017. It is a nice illustration of the g4/Nc3-e2-g3-f5 plan.}) 8.
Be3 $1 Bd6 9. Ne2 Re8 10. g4 Nc5 ({Grischuk's idea} 10... Bb4+ {is not out of
the question here.}) 11. Ng3 Ne6 {White would like to push the pawns forward
on the kingside, but as long as Bc8 keeps an eye on g4, it is not possible ot
play h4, while g4-g5 doesn't solve the problem as h4 is still (annoyingly)
answered with ...Bg4. However, this is why the knight was rerouted to g3. It
will act as a plug on f5 and allow White to continue to push the pawns. Ergo,
there is no reason for Black to keep the c8-g4-diagonal open anymore.} ({
The engine likes} 11... g6 {, but it looks illogical to give White something
to bite into on the kingside. I don't trust it.}) 12. Nf5 c5 {Now White's
options in the centre have been radically diminished. It's an all eggs in one
basket situation where the basket is the kingside.} 13. h4 a5 14. h5 Ra6 $5 {
A flexible way to get the rook to participate.} (14... Bd7 $6 {is a sorry
excuse for a move. Not only is the bishop not fulfilling any function on d7
that it didn't carry out from c8, but also it is more in the way of the other
pieces. Never play Bc8-d7 or Bc1-d2 unless you have a clear idea of why you
are doing it.}) 15. Qd2 {Black's pieces are in good spots and no further slow
improvement is in sight, so it is time for some activity.} Nd4 $1 16. Rh3 Bf8
$1 {It is often good to retreat the bishops to the last rank when the opponent
has active knights which lack real outposts. This is such a case. The bishops
could actually not be more active than they are (while not stepping on the
toes of the other pieces); not without a majot change in the pawn structure.}
17. O-O-O Be6 {Finally Anand decides to move the bishop. As I said before; I
like the bishop on c8. Both} (17... a4 {and}) (17... b5 {, look promising for
Black and more flexible. Still, it is not a bad move, at all.}) 18. Kb1 f6 {
Anand has built a convincing case against Caruana's setup and it is White who
has to find equality.} 19. c3 $1 {If you have a chat with the pieces they will
all say: "The knight on d4 is too strong. It has to go."} Nxf3 20. Rxf3 c4 $5 {
Black is much happier in a position where he gets to play c4, than one in
which White gets to do it first.} (20... Qd7 21. c4 {looks like a strategic
improvement from White's point of view. However, it is not easy to neutralise
Black's initiative after} Kh8 22. Rg3 Rb8 {[%cal Gb7b5]}) (20... h6 {is the
engine's favourite move, but it has long-reaching negative consequences in
that the knight is now safe on f5, while g7 becomes a future weakness. White
can put all his resources into the defence for some time and then aim to play
d2-d4 at an opportune moment.}) 21. Qc2 $6 (21. g5 $1 {White cannot enter an
endgame without taking the g7-g6 option away from Black first. Otherwise the
knight will be kicked back. One way to achieve this is} Qxd3+ 22. Qxd3 cxd3 23.
gxf6 gxf6 24. Rxd3 {and since Nf5 is as strong as the opponent's bishop, this
is an equal position.}) 21... cxd3 22. Rxd3 Qc8 {Black has managed to keep the
bishop pair and White has little in the way of compensation.} 23. g5 $1 {
White must immediately mix things up, before Black gets time to exchange a
pair of rooks and run for the ending.} fxg5 24. Bxg5 Bf7 $5 ({Perhaps even
better is} 24... h6 25. Bc1 Bf7 {, when the h5-pawn looks weak, while it is
unclear that White can pose any real threats to Black's king.} 26. Rg3 Kh8 27.
Rd1 a4 $1 {and with ...Qe6 coming next, White is in trouble.}) 25. h6 $1 gxh6
26. Bc1 {Now, objectively speaking, Black is still better, but White has
significantly more ideas to play around with as Black's king has become much
more exposed.} Qe6 27. b3 a4 $2 ({This lets Caruana back in the game. It was
necessary to forestall c3-c4 with} 27... b5 $1 {when, after} 28. Bb2 a4 29.
Rg3+ Bg6 30. f3 axb3 31. axb3 h5 {Black is clearly better.}) 28. c4 $1 {
With this move White achieves a state of stability on the queenside. It is a
temporary stability, but that is all he needs in order to get in some decent
threats of his own.} axb3 29. axb3 Qc6 $1 (29... Rea8 30. Bb2 Ba3 31. Qd1 $1
Bxb2 32. Kxb2 Ra2+ 33. Kc3 $18) 30. Rg3+ Kh8 31. Rd1 b5 $1 32. c5 ({My eye was
immediately caught by} 32. Bb2 $5 bxc4 33. Rd8 $1 {, but Black seems to be
able to defend in more than one way.} Ra5 34. Nd4 $1 (34. Qc3 $4 Qxe4+) 34...
Qb7 35. Ne6 (35. Rxe8 Bxe8 36. f4 {is also "=" according to the engine.}) 35...
Be7 36. Rxe8+ Bxe8 37. f4 Bc6 38. Bxe5+ Rxe5 39. Qc3 Bxe4+ 40. Kb2 Ba3+ {
is one way. Easy to spot. (Not.)}) 32... b4 $2 {A second mistake and this time
there is no coming back.} ({Instead} 32... Qxc5 33. Qxc5 Bxc5 {was right.
White has some pressure, but it doesn't really go anywhere. One possible
defence is} 34. Rd7 Be6 35. Rxc7 Bxf5 36. exf5 Bd4 37. Rgg7 e4 38. Bb2 Bxb2 39.
Kxb2 Rf6 40. Rxh7+ Kg8 41. Rhg7+ Kh8 {with a draw.}) 33. Bb2 {Suddenly Black
is in a lot of trouble. The e5-pawn is shaky and the king depends on it for
survival.} Bg6 (33... Ra5 $1 {is a better defence, but this time} 34. Rd8 {
is stronger:} Qxc5 35. Rxe8 Qxc2+ 36. Kxc2 Bxe8 37. f4 Rc5+ 38. Kd3 Bg6 39.
Bxe5+ Kg8 40. Ne3 {and Black has a very difficult time.}) 34. Rd5 $1 Qb5 {
A tricky move (the only one) that has a counter-attack in mind.} 35. Rg1 c6 $4
{For someone of Anands calibre, this qualifies as chess-blindness. It is quite
obvious that one cannot let the e5-pawn fall without, at least, being able to
take the bishop out of circulation (sacrifice the exchange).} (35... Rae6 36.
f4 {is also much better for White, but Black can fight on.}) 36. Rxe5 Rxe5 37.
Bxe5+ Kg8 38. Bd4 Kf7 39. Nh4 {A prosaic move that threatens Nxg6 followed by
e4-e5. There is no defence anymore. Although Anand's play deserved a better
fate, Caruana had excellent timing in creating his counterplay.} 1-0

[Event "ISL-FRA"]
[Site "Reykjavik"]
[Date "1993.??.??"]
[Round "3"]
[White "Hjartarson, Johann"]
[Black "Koch, Jean Rene"]
[Result "1-0"]
[WhiteElo "2625"]
[BlackElo "2450"]
[Annotator "Hjartarson,J"]
[PlyCount "107"]
[EventDate "1993.??.??"]
[EventType "schev"]
[EventRounds "10"]
[EventCountry "ISL"]
[SourceTitle "CBM 035"]
[Source "ChessBase"]
[SourceDate "1993.08.01"]
[SourceVersion "1"]
[SourceVersionDate "1993.08.01"]
[SourceQuality "1"]

1. e4 {Ernst} e5 2. Nf3 Nf6 3. Nc3 Nc6 4. Bb5 Nd4 5. Ba4 Bc5 (5... c6 {Ernst}
6. d3 b5 7. Bb3 Nxb3 8. axb3 d6 9. O-O Be7 10. Ne2 Bg4 $1 $10 {Nunn-Piket,Je/
Wijk aan Zee/1993/}) 6. Nxe5 O-O 7. Nd3 Bb6 8. e5 Ne8 9. Nd5 Qg5 (9... d6 10.
Ne3 c6 (10... Qh4 11. O-O Be6 12. c3 Ne2+ $1 (12... Nf5 13. Bb3 $16) 13. Kh1
Bxe3 14. dxe3 Nxc1 15. Rxc1 Rd8 16. Bb3 dxe5 17. Bxe6 fxe6 18. Qc2 $14 {
Nunn-Christiansen, BRD 1991}) (10... dxe5 {Ernst} 11. Nxe5 Qg5 12. N5c4 f5 13.
f4 $1 Qxf4 14. c3 Ne6 15. d4 Qh4+ 16. g3 Qh3 17. Bb3 $16 {Nunn-Nikolic,P/Wijk
aan Zee/1993/}) 11. c3 $1 (11. O-O Bc7 12. c3 Ne6 $1 13. f4 dxe5 14. Nxe5 Nxf4
15. d4 Bxe5 16. dxe5 Qxd1 17. Bxd1 Nd3 18. Nc4 Be6 $6 (18... b6 $1 $10) 19. Na5
$14 {Short-Speelman, London m/8 1991}) 11... Nf5 (11... Ne6 12. Bc2 $1 dxe5 (
12... Bc7 13. exd6 Qxd6 14. Nf5 $1 Qd8 15. O-O $16) 13. Nxe5 Bxe3 14. dxe3 Qg5
15. Nf3 Qxg2 16. Rg1 Qh3 17. Rg3 Qh5 18. e4 Nf6 19. Qe2 Re8 20. Be3 Nf8 21.
O-O-O $16 {Rodriguez,A-Armas,J Cuba 1992}) 12. O-O Bc7 13. f4 Nxe3 $1 (13...
dxe5 14. Nxe5 Nxe3 15. dxe3 $14 {Short-Speelman, London m/8 1991}) 14. dxe3 Bf5
15. exd6 Nxd6 16. Ne5 Qe7 17. Qe2 Rad8 18. Nf3 c5 $44 {xe4 Rodriguez,A-Perez,R
Cuba 1992}) 10. Ne3 d6 11. exd6 (11. f4 Qg6 (11... Qh4+ $2 12. g3 Qh3 13. Nf2
$16) 12. O-O f6 13. Kh1 $1 (13. exd6 Nxd6 14. Nf2 N4f5 $44 {Short-Timman,
Linares 1992}) 13... c6 14. b4 Nf5 15. Bb3+ Kh8 16. Qe1 $14 {Sax-Dreev,
Tilburg 1992}) 11... Nxd6 12. O-O N4f5 (12... Bh3 $2 13. Kh1 $16 {Hubner}) (
12... N6f5 $2 13. c3 Nxe3 14. dxe3 Bh3 15. Ne1 Nc6 16. Bxc6 $1 (16. e4 $2 Qg6
17. Kh1 Be6 18. Qe2 Ne5 $44 {Nunn,J-Hubner,R Munchen 1991}) 16... bxc6 17. Kh1
Be6 18. Qe2 $16 {Hubner}) 13. Ne1 Nxe3 14. fxe3 Bg4 15. Nf3 Qe7 $5 {N} (15...
Qh5 16. Qe1 c6 {/\Hae8 Hubner} (16... c6 {Ernst} 17. Qg3 Rad8 18. d4 $14)) 16.
Kh1 (16. Qe1 $5 c6 17. Qh4 $10) 16... f5 17. d3 $1 (17. Qe1 f4 $1 18. exf4 Qxe1
19. Rxe1 (19. Nxe1 $2 Be2 $19) 19... Rxf4 20. Bb3+ Kh8 $44) (17. d4 c6 18. Qd3
Bc7 19. Bb3+ Kh8 20. Ne5 Bh5 21. Bd2 Ne4 $44) 17... Bxe3 18. Bxe3 Qxe3 19. Qe1
Qxe1 (19... f4 $6 20. Qc3 Bxf3 $8 21. Rxf3 Qe7 22. Raf1 $16) 20. Raxe1 Bxf3 $8
21. Rxf3 c6 22. Bb3+ Kh8 23. Rfe3 Rae8 24. h4 $1 (24. Kg1 Rxe3 25. Rxe3 Re8 26.
Kf2 g6 27. Rxe8+ Nxe8 28. Ke3 Kg7 29. Kd4 Kf6 $10) 24... Rxe3 25. Rxe3 Re8 (
25... g6 $2 26. Re7 $16) 26. Rxe8+ Nxe8 27. h5 $1 h6 $2 (27... g5 $2 28. hxg6
hxg6 29. Bf7 $18) (27... Nf6 28. Bf7 Ng4 29. b4 Nh6 30. Be6 g6 31. d4 Ng4 32.
Bc8 Ne3) 28. Kg1 g5 $6 (28... Kh7 29. Bf7 Nd6 30. Bg6+ Kg8 31. Kf2 Kf8 32. Ke3
Ke7 33. Kf4 $16) 29. hxg6 Kg7 30. Bf7 Nd6 31. Kf2 Nxf7 32. gxf7 Kxf7 33. Kg3
Kg6 34. Kf4 Kf6 35. d4 $2 (35. a4 Ke6 (35... b5 36. axb5 cxb5 37. b4 Ke6 38. c4
$18) 36. b4 b6 37. d4 Kd5 38. Kxf5 Kxd4 39. Kg6 Kc3 $18) 35... b5 36. c3 a5 37.
b3 a4 38. c4 Ke6 39. Kg3 bxc4 $2 (39... Kf6 40. Kf3 $16) (39... axb3 {Ernst}
40. axb3 bxc4 41. bxc4 Kf6 42. Kh4 Kg6 43. g3 Kh7 44. Kh5 Kg7 45. d5 cxd5 46.
cxd5 Kf6 47. Kxh6 Ke5 48. Kg5 $18) 40. bxc4 a3 41. Kf4 Kf6 42. d5 $18 cxd5 43.
cxd5 Ke7 44. Kxf5 Kd6 45. Ke4 h5 46. g3 Kd7 47. Kd4 Kd6 48. Kc4 Kd7 49. Kc5 Kc7
50. d6+ Kd7 51. Kd5 Kd8 52. Kc6 Kc8 53. Kb5 Kd7 54. Kc5 1-0

[Event "Winterthur"]
[Site "Winterthur"]
[Date "1996.??.??"]
[Round "6"]
[White "Hug, Werner"]
[Black "Van der Sterren, Paul"]
[Result "1/2-1/2"]
[WhiteElo "2445"]
[BlackElo "2510"]
[Annotator "Hug,W"]
[PlyCount "46"]
[EventDate "1996.09.??"]
[EventType "tourn"]
[EventRounds "11"]
[EventCountry "SUI"]
[EventCategory "9"]
[SourceTitle "CBM 055"]
[Source "ChessBase"]
[SourceDate "1996.12.01"]
[SourceVersion "1"]
[SourceVersionDate "1996.12.01"]
[SourceQuality "1"]

1. e4 e5 2. Nf3 Nc6 3. Nc3 Nf6 4. Bb5 Nd4 5. Nxd4 exd4 6. e5 dxc3 7. exf6 Qxf6
8. dxc3 Qe5+ 9. Be2 Bc5 10. O-O O-O 11. Bf3 $1 c6 12. Re1 Qf6 13. Be3 Bxe3 14.
Rxe3 d5 15. Bg4 Be6 $6 (15... Bxg4 16. Qxg4 Rfe8 17. Rae1 Rxe3 18. Rxe3 Qd6 19.
Qh4 f6 $14) 16. Bxe6 fxe6 17. Qe2 Rae8 18. Re1 (18. Re5 Qh6 19. Re1 Rf6 20. g3
Kf7 21. h4 $16) 18... e5 $1 19. f3 e4 20. fxe4 Rxe4 21. Rxe4 dxe4 22. h3 $2 (
22. Qc4+ Rf7 (22... Kh8 23. Rf1 Qd6 24. Rxf8+ Qxf8 25. Qxe4) 23. Qd4 Qf5 (23...
Qxd4+ 24. cxd4 Re7 (24... Rf4) 25. Kf2 Kf7 26. Ke3 $16) 24. Qxa7 c5 25. Qb8+
Rf8 26. Qg3 $16) 22... Qe6 23. Qxe4 Qxa2 1/2-1/2